000
00335nam a2200157Ia 4500
003
Ost
005
20260225132551.0
008
260225s9999||||xx |||||||||||||| ||und||
040
_c
fsic
041
_a
fre
082
_a
791.43
100
_a
Marie seton
_e
Auteur
245
0
_a
Eisenstein /
245
0
_c
Marie seton
942
_c
كتاب
999
_c
34152
_d
34152